000 00885nam a22001937a 4500
999 _c59435
_d59435
003 Ge_BSU
005 20230220110655.0
008 230216s2002 ge ||||| |||| 00| 0 geo d
041 _ageo
080 _a343.23(042.4) ნ-38
100 _aნაჭყებია, გურამ
_9219
245 _aსისხლისსამართლებრივი ურთიერთობა და დანაშაულის ცნება :
_b(ლექციების კურსი) /
_cგურამ ნაჭყებია; [რედ.: ნ. თოდუა].
264 _aთბილისი :
_bბიზნეს-კურიერი,
_c2002.
300 _a180გვ. ;
_b20სმ.
653 _aდანაშაული
653 _aსამართალი
700 _aთოდუა, ნ.
_eრედაქტორი
_99612
942 _2udc
_cBK